Wordt geladen...

Sri Krsnavijayah Nalodayah /

Bibliografische gegevens
Hoofdauteur: K P A, Menon
Formaat: Printed Book
Taal:Sanskrit
Gepubliceerd in: New Delhi: NAG Publishers, 2003.
Onderwerpen:
LEADER 00588cam a2200193ua 4500
008 080804t2003||||||||||| 00 ||san c
020 |a 81-7081-507-X 
041 0 |a san 
082 |a S891.21  |b SAN/S 
100 0 |a K P A, Menon 
245 1 0 |a Sri Krsnavijayah Nalodayah /   |c K P A Menon 
260 |a New Delhi:  |b NAG Publishers,  |c 2003. 
300 |a 596p. 
362 1 |a 2003. 
365 |a Rs.300/- 
650 |a Sanskrit Literature 
942 |c BK 
999 |c 18957  |d 18957 
952 |0 0  |1 0  |4 0  |6 S_891_210000000000000_SAN  |7 0  |9 19797  |a KUCL  |b KUCL  |d 2014-05-23  |l 0  |o S891.21 SAN/  |p 12742  |r 2014-05-23  |w 2014-05-23  |y BK